Administración de justicia : (Registro nro. 30830)

Detalles MARC
000 -LEADER
fixed length control field 02238nam a2200289Ia 4500
003 - CONTROL NUMBER IDENTIFIER
control field CO-CtgCURN
005 - DATE AND TIME OF LATEST TRANSACTION
control field 20250409212019.0
008 - FIXED-LENGTH DATA ELEMENTS--GENERAL INFORMATION
fixed length control field 230426s9999 xx 000 0 und d
020 ## - INTERNATIONAL STANDARD BOOK NUMBER
International Standard Book Number 978958486470
040 ## - CATALOGING SOURCE
Original cataloging agency CO-CtgCURN
Language of cataloging spa
Transcribing agency coctgcurn
082 ## - DEWEY DECIMAL CLASSIFICATION NUMBER
Classification number 342.861
Item number M533
245 #0 - TITLE STATEMENT
Title Administración de justicia :
Remainder of title retos y desafios en la sociedad global /
Statement of responsibility, etc. director cientifico., Jorge Luis Mattos Mejía
250 ## - EDITION STATEMENT
Edition statement 1 edición
260 ## - PUBLICATION, DISTRIBUTION, ETC.
Place of publication, distribution, etc. Colombia :
Name of publisher, distributor, etc. Nueva juridica editorial,
Date of publication, distribution, etc. 2019
300 ## - PHYSICAL DESCRIPTION
Extent 848 páginas ;
Dimensions 24 centimetros
500 ## - GENERAL NOTE
General note Incluye índice
504 ## - BIBLIOGRAPHY, ETC. NOTE
Bibliography, etc. note Incluye referencias bibliográficas (p.783-793)
505 ## - FORMATTED CONTENTS NOTE
Formatted contents note Tomo.1. Pt.1. Derecho Procesal en la administracion de justicia -- Pt.2. Disertaciones sobre el derecho constitucional, derecho administrativo, gobierno (transnacional, estado-nacion, regional y local) y contratacion pública -- Pt.3. Debate sobre los fenomenos actuales de filosofia, sociologia juridica y teoria juridica -- Pt.4. Discusiones pos contemporanea sobre el derecho privado, laboral, nuevo derecho y globalizacion -- Pt.5. El derecho y los objetivos de desarrollo sostenible.
520 ## - SUMMARY, ETC.
Summary, etc. Se edita bajo un esquema científico, como quiera que este se integra por un comité científico y un comité editorial liderado por un director científico, distribuido en 5 títulos y 49 capítulos, dedicados a la Administración de Justicia, así: I). Derecho Procesal en la Administración de Justicia, II). Disertaciones sobre el derecho constitucional, derecho administrativo, Gobierno (transnacional, estado nación, regional y local) y contratación pública. III). Debates sobre fenómenos actuales de la filosofía, sociología, sociología jurídica y teoría jurídica, IV). Discusiones pos contemporáneas sobre el derecho privado, laboral, penal, nuevo derecho y globalizacion.
521 ## - TARGET AUDIENCE NOTE
Target audience note AREA PROFESIONAL
590 ## - LOCAL NOTE (RLIN)
Local note Programa de Derecho_18
650 ## - SUBJECT ADDED ENTRY--TOPICAL TERM
Topical term or geographic name entry element Administración de justicia
Geographic subdivision Colombia
9 (RLIN) 7219
700 ## - ADDED ENTRY--PERSONAL NAME
Personal name Mattos Mejía, Jorge Luis
Relator term director científico
9 (RLIN) 7220
942 ## - ADDED ENTRY ELEMENTS (KOHA)
Koha item type Libros
Classification part 342861
Item part M533
Source of classification or shelving scheme Dewey Decimal Classification
Existencias
Withdrawn status Lost status Source of classification or shelving scheme Damaged status Not for loan Collection Home library Current library Shelving location Date acquired Source of acquisition Inventory number Total checkouts Full call number Barcode Date last seen Copy number Price effective from Koha item type Public note
    Dewey Decimal Classification       Miguel Henríquez Castañeda Barranquilla Miguel Henríquez Castañeda Barranquilla General 07/17/2024 Donación IP 2023 05272   342.861 M533 05272 04/26/2023 ej.1 04/26/2023 Libros Donación IP 2023
    Dewey Decimal Classification       Miguel Henríquez Castañeda Barranquilla Miguel Henríquez Castañeda Barranquilla General 07/17/2024 Donación IP 2023 05273   342.861 M533 05273 04/26/2023 ej.2 04/26/2023 Libros Donación IP 2023